El Trabajo de creación: una creación que trabaja. Teorías implícitas elaboradas por creadores artísticos /
A partir de las reflexiones de diversos autores en torno al fenómenro de la creación, y tomando como eje central once entrevistas con artistas costarricenses, analizadas como teorías implícitas sobre su quehacer, se construye y propone una comprensión del trabajo de creación, comprensión que refleja...
Sábháilte in:
| Príomhchruthaitheoir: | |
|---|---|
| Formáid: | Téacs |
| Teanga: | Spanish |
| Ábhair: | |
| Clibeanna: |
Cuir clib leis
Níl clibeanna ann, Bí ar an gcéad duine le clib a chur leis an taifead seo!
|
MARC
| LEADER | 00000 a a2200000 04500 | ||
|---|---|---|---|
| 001 | 205 | ||
| 003 | cru IIS | ||
| 005 | 20220718094408.0 | ||
| 008 | 220718b |||||||| |||| 00| 0 spa d | ||
| 040 | |c cru IIS | ||
| 100 | |a Amit Rojas, Jeannette | ||
| 245 | |a El Trabajo de creación: |b una creación que trabaja. Teorías implícitas elaboradas por creadores artísticos / |c Jeannette Amit Rojas | ||
| 500 | |a Resumen también en inglés | ||
| 500 | |a Colección Centroamérica | ||
| 520 | |a A partir de las reflexiones de diversos autores en torno al fenómenro de la creación, y tomando como eje central once entrevistas con artistas costarricenses, analizadas como teorías implícitas sobre su quehacer, se construye y propone una comprensión del trabajo de creación, comprensión que refleja su carácter paradójico y transicional | ||
| 650 | |a CREACION ARTISTICA | ||
| 650 | |a ARTISTAS | ||
| 650 | |a PSICOLOGIA | ||
| 650 | |a RESULTADOS DE INVESTIGACION | ||
| 773 | |g volumen 18, número 105 Nuev; páginas 115-134 | ||
| 773 | 0 | |0 18811 |9 3319 |a Universidad de Costa Rica. Instituto de Investigaciones en Psicología |d San José, C.R.: Editorial de la UCR |o 07029 |t Actualidades en Psicología / | |
| 942 | |2 ddc |c PP | ||
| 999 | |c 33828 |d 33828 | ||
